| 000 | 00643nam a22002057a 4500 | ||
|---|---|---|---|
| 005 | 20251108164646.0 | ||
| 008 | 250721s1959 xx 000 0 ara d | ||
| 082 | 1 | 4 | _a414.2/جرج |
| 100 | 1 | _aالجرجاني، أبو بكر ... | |
| 245 | 1 | 0 | _aأسرار البلاغة في علم البيان / |
| 250 | _aط6. | ||
| 264 | 1 |
_aالقاهرة : _bمكتبة ومطبعة محمد علي صبيح وأولاده، _c1959. |
|
| 300 | _a339ص | ||
| 650 | 1 | 7 | _aاللغة العربية |
| 650 | 1 | 7 | _aالبلاغة |
| 650 | 1 | 7 | _aالبيان |
| 700 | 1 |
_aرضا، محمد رشيد _eتحقيق |
|
| 942 |
_2ddc _cBK |
||
| 999 |
_c11152 _d11152 |
||